000 00821nas a2200253 4500
001 BR6800565
003 BR-BrBNA
005 20231205082250.0
007 ta
008 230509b bl.|||p| |||| 00| 00por d
040 _aBR-BrBNA
_bpor
_cBiblioteca Nacional de Agricultura
041 _a(Pt)
072 _aL73
100 1 _aCorrea, O.
100 1 _aMuller, R.H.
111 1 _a10. Congresso Brasileiro de Veterinaria
_cGoiania, GO (Brazil)
_d12 Feb 1967
245 1 _aInativacao do virus aftoso pela Beta-propiolactona
650 _aIMUNOLOGIA
650 _aVACINA
650 _aAFTOSA
773 0 _tRevista da Faculdade de Agronomia e Veterinaria da Universidade Federal do Rio Grande do Sul (Brazil)
_x
_g(1967-1968), v. 9 p. 29-36
_wBR6800565
909 _a202311
_bLúcia
_c55
_dLúcia Elande
942 _2AGRIS
_n0
_cANA
999 _c90440
_d90440